00636nam a2200193Ia 4500008004100000020001800041050001400059100002300073245002400096245005700120245005100177260002100228260002200249260000900271300001500280300002500295999001900320952010300339180207s9999 xx 000 0 und d a9781433805417 bS314 2010 aSchechter, Lynn R. aMy big fat secret : bhow Jenna takes control of her emitions and eating / cLynn R. Schechter ; illustrated by Jason Chin. aWashington, DC : bMagination Press, c2010 a48 pages : bcolor illustration ; c355199d355199 001040aSSISMbSSISMd2018-02-07l0oER S314 2010pSSISM4744r2018-02-07 00:00:00w2018-02-07yBK